| 000 | 00673nam a22001577a 4500 | ||
|---|---|---|---|
| 003 | OSt | ||
| 005 | 20150924154857.0 | ||
| 008 | 150924b xxu||||| |||| 00| 0 eng d | ||
| 040 | _cRUA | ||
| 082 | _aAGR SUO 2009 BO43 Or.1 | ||
| 100 |
_91272 _aSOUN,RATHA |
||
| 245 | _aControl of flea beetle on chinese kale under royal university of agriculture condition ការគ្រប់គ្រងសត្វទៀកគូលើដំណាំខាតើណាក្នុងលក្ខខណ្ឌសាកលវិទ្យាល័យភូមិន្ធកសិកម្ម. | ||
| 260 |
_aPhnom Phen _bRUA _c2009 |
||
| 300 |
_aXII.53Pp. _bILL. _c29CM. |
||
| 942 |
_2ddc _cAGR |
||
| 999 |
_c1204 _d1204 |
||